[Event "Monaco (blindfold) 81/477"]
[Site "?"]
[Date "2001.??.??"]
[Round "?"]
[White "Kramnik, Vladimir"]
[Black "Gelfand, B."]
[Result "1-0"]
[WhiteElo "2772"]
[BlackElo "2712"]
[PlyCount "91"]
[EventDate "2001.??.??"]
[Source "Chess Informant"]
[SourceDate "2001.02.01"]

1. d4 Nf6 2. c4 g6 3. Nc3 Bg7 4. e4 d6 5. Nf3 O-O 6. Be2 e5 7. O-O Na6 8. Re1 c6 9. Bf1 exd4 10. Nxd4 Ng4 11. h3 Qb6 12. hxg4 Qxd4 13. g5 f5 14. Bf4 fxe4 15. Qxd4 Bxd4 16. Rxe4 Bxc3 17. bxc3 Nc5 18. Rd4 Ne6 19. Bxd6 Nxd4 20. Bxf8 Nc2 21. Rc1 Ne3 22. fxe3 Kxf8 23. e4 a5 24. Kf2 a4 25. Ke3 a3 26. Rb1 Ra5 27. Kf4 Kg7 28. Be2 h6 29. gxh6+ Kxh6 30. e5 Kg7 31. Bd3 Kf7 32. Rh1 Kg7 33. Rb1 Kf7 34. g4 g5+ 35. Kxg5 Rxe5+ 36. Kf4 Rc5 37. Rb3 Kf6 38. Rxa3 Be6 39. Ra4 Rg5 40. Be2 Re5 41. Bf3 Rc5 42. Rb4 b5 43. Be2 Re5 44. Rb2 bxc4 45. Bf3 Ke7 46. Kxe5 1-0

[Event "Sankt_Peterburg"]
[Site "?"]
[Date "1997.??.??"]
[Round "?"]
[White "Korchnoi, V."]
[Black "Svidler, P."]
[Result "1-0"]
[WhiteElo "2635"]
[BlackElo "2640"]
[PlyCount "61"]
[EventDate "1997.??.??"]
[Source "ChessBase"]
[SourceDate "1997.02.01"]

1. d4 Nf6 2. c4 g6 3. Nc3 Bg7 4. e4 O-O 5. Nf3 d6 6. Be2 e5 7. O-O Nbd7 8. Be3 Qe7 9. Qc2 Ng4 10. Bg5 f6 11. Bd2 c6 12. d5 f5 13. Ng5 Ndf6 14. f3 Nh6 15. c5 cxd5 16. Nxd5 Nxd5 17. Bc4 f4 18. Bxd5+ Kh8 19. h4 dxc5 20. Rac1 Ng8 21. Qxc5 h6 22. Qxe7 Nxe7 23. Nf7+ Kg8 24. Bb3 Rxf7 25. Rc7 Bf6 26. Bb4 Kg7 27. Rfc1 a5 28. Ba3 b5 29. Bc5 Ba6 30. Bxf7 Kxf7 31. h5 1-0